000 00474 a2200181 4500
999 _c6655
_d6655
020 _a9780199229741
050 0 0 _aHG 151 DIC 2008
110 _aWEB LINKS
245 0 2 _aA dictionary of finance and banking.
250 _a4th ed.
264 _aNew York :
_bOxford University Press,
_c2008
300 _a471 p. ;
500 _aDictionary index
500 _aDictionary index
650 0 _aFinance
650 0 _aBanks and banking
942 _2lcc
_cBK
_e4th ed.
_h151
_iDIC
_kHG